LEADER 01458nam a2200265 i 4500 001 000000144139 003 CaOOAMICUS 005 20051021000000.0 008 051021s1998 it u000 u ita u 013 $a119497 040 $aSeMil$bita 100 1 $aCalvi, Eugenio.$0(OLS)http://semarc/name/22511 245 10$aDagli Statuti Comunali di fine Trecento "dell'Antico e Nobile Castello di Trevì" /$cTesto di Eugenio Calvi ; Prefazione di Alfredo Ferri ; Presentazione di Gerolamo Villa. 260 $a[Italia] :$bCentro Studi Storici della Geradadda,$cStampa 1998. 260 $a[Treviglio e Geradadda] :$bCassa Rurale (Banca di Credito Cooperativo di Treviglio e Geradadda),$cStampa 1998. 300 $a54 p. :$bill. ;$c31 cm. 650 4$aTreviglio.$0(OLS)http://semarc/subject/6952 700 1 $aVilla, Gerolamo.$0(OLS)http://semarc/name/29062 700 1 $aFerri, Alfredo,$d<1921-2014>.$0(OLS)http://semarc/name/29067 850 $aSeMil 852 $aSeMil$W1$xVenegono$y1$m3P V 308$j97104$B97104$CSeMilBibl$Z2$F105059 $81 961 $aOmaggio: Monti don Eros 996 $6245$aDagli Statuti Comunali di fine Trecento "dell'Antico e Nobile Castello di Trevì"$9(OLS)http://semarc/title/210842 996 $6260$a[Treviglio e Geradadda] :$bCassa Rurale (Banca di Credito Cooperativo di Treviglio e Geradadda)$9(OLS)http://semarc/publisher/47622 996 $6260$a[Italia] :$bCentro Studi Storici della Geradadda$9(OLS)http://semarc/publisher/47623 LEADER 01064nam a2200253 i 4500 001 000000198393 003 CaOOAMICUS 005 20240408112206.0 008 110309s1997 it u000 u ita u 013 $a177081 040 $aSeMil$bita 100 1 $aTosi, Michele.$0(OLS)http://semarc/name/70718 245 13$aLa repubblica di Bobbio /$cMichele Tosi. 260 $aBobbio :$bpresso gli Archivi Storici Bobiensi,$c1997. 300 $a198 p., [16] c. di tav. :$bill. ;$c24 cm. 650 4$aBobbio.$0(OLS)http://semarc/subject/46157 650 4$aVal d'Aveto - Resistenza.$0(OLS)http://semarc/subject/37230 650 4$aVal Trebbia - Resistenza.$0(OLS)http://semarc/subject/37231 850 $aSeMil 852 $aSeMil$W1$xVenegono$y1$m3U VI 260$j148949$B148949$CSeMilBibl$Z2$F165897 $81 961 $aOmaggio: Grampa dott. Cesare 996 $6245$aLa repubblica di Bobbio$9(OLS)http://semarc/title/286661 996 $6260$aBobbio :$bpresso gli Archivi Storici Bobiensi$9(OLS)http://semarc/publisher/48509